| 000 | 00551nam a2200229 a 4500 | ||
|---|---|---|---|
| 001 | nice12345678 | ||
| 003 | IN_TiNIC | ||
| 005 | 20260116012840.0 | ||
| 008 | 050524s1985 newa grp 000 0 eng | ||
| 020 |
_a0073389 _c135 |
||
| 082 | 0 | 0 |
_a301 _bSTE |
| 100 | _aStewart, Elbert W | ||
| 245 | _aIntroduction to Sociology | ||
| 260 |
_aNew York _bMcgraw-Hill Book Co _c1985 |
||
| 300 | _a564p | ||
| 500 | _aincludes index and biblioraphy | ||
| 505 | 2 | _aIndex | |
| 650 | _aSociology | ||
| 902 | _bSRS | ||
| 942 | _cBK | ||
| 999 |
_c8629 _d8629 |
||